Geneva - Statistics

General Stats
  • This quiz has been taken 289 times
    137 since last reset
  • The average score is 12 of 22
Answer Stats
Hint Answer % Correct
Official language French
98%
"Geneva" in French Genève
92%
Items produced by the companies Rolex and Patek Philippe Watches
79%
Other name of Lake Geneva Lac {Léman}
76%
Main river Rhône
75%
Humanitarian organization founded in 1863 Red Cross
71%
"Geneva" in German Genf
67%
International nuclear research centre CERN
64%
Symbolic water fountain Jet d'eau
58%
Brought Protestantism to Geneva John Calvin
57%
Region where Geneva is located Suisse {romande}
56%
Animal symbol of the city Eagle
55%
Football or ice hockey team Servette
54%
"Geneva" in Italian Ginevra
42%
The UN's predecessor, which was based in Geneva until 1946 League of Nations
40%
Main airport Cointrin
37%
World's largest particle accelerator Large {Hadron} Collider
35%
Cold and dry wind Bise
32%
Popular local newspaper La Tribune
30%
Founder of the above Henry Dunant
26%
"Social Contract" philosopher Jean-Jacques Rousseau
23%
"Geneva" in Romansh Genevra
19%
No matching quizzes found
Score Distribution
Percent of People with Each Score
Percentile by Number Answered
Your Score History
You have not taken this quiz since the last reset